ბათუმის შოთა რუსთაველის სახელმწიფო უნივერსიტეტის ბიბლიოთეკა

ხარისხი, მოგება, რენტაბელობა / (ბიბ.ჩანაწერი № 63886)

000 -ლიდერი
ფიქსირებული სიგრძის საკონტროლო ველი 00878nam a22001937a 4500
003 - საკონტროლო ნომრის იდენტიფიკატორი
საკონტროლო ველი Ge_BSU
005 - ბოლო ოპერაციის თარიღი და დრო
საკონტროლო ველი 20260212104647.0
008 - ფიქსირებული სიგრძის მონაცემთა ელემენტები - ზოგადი ინფორმაცია
ფიქსირებული სიგრძის საკონტროლო ველი 260212s1976 ge ||||| |||| 00| 0 geo d
041 ## - ენის კოდი
Language code of text/sound track or separate title geo
080 ## - უნივერსალური ათობითი კლასიფიკაციის ინდექსი
Universal Decimal Classification number 658.562 გ-12
100 ## - მთავარი ჩანაწერი - პიროვნების სახელი
Personal name გაბისონია, ამირან
9 (RLIN) 25893
245 ## - ცნობა სათაურის შესახებ
Title ხარისხი, მოგება, რენტაბელობა /
Statement of responsibility, etc ამირან გაბისონია.
264 ## - წარმოების, გამოცემის, დისტრიბუციის და სხვა ცნობები
გამოცემის, წარმოების, დისტრიბუციის... ადგილი თბილისი :
გამოცემის, წარმოების, დისტრიბუციის... სახელწოდება საბჭ. საქართველო,
გამოცემის, წარმოების, დისტრიბუციის... თარიღი 1976.
300 ## - ფიზიკური აღწერა
Extent 65 გვ. ;
Other physical details 19 სმ.
490 ## - სერიის ცნობა
Series statement სკკპ XXV ყრილობა. შეჯიბრება, ეფექტიანობა, ხარისხი
653 ## - INDEX TERM--UNCONTROLLED
Uncontrolled term პროდუქციის ხარისხი. მოგება
653 ## - INDEX TERM--UNCONTROLLED
Uncontrolled term რენტაბელობა
942 ## - ADDED ENTRY ELEMENTS (KOHA)
Source of classification or shelving scheme
Koha item type წიგნი
ეგზემპლარები
ჩამოწერის სტატუსი დაკარგული ეგზემპლარის სტატუსი კლასიფიკაციის წყარო ან თაროზე გაწყობის სქემა დაზიანების სტატუსი არ გაიცემა მუდმივი მდებარეობა (დაცვის ადგილი) ამჟამინდელი ადგილსამყოფელი თაროზე განთავსების ადგილი შეძენის თარიღი ღირებულება, შესყიდვის ნორმალური ფასი სრული შენახვის შიფრი შტრიხკოდი ბოლო ოპერაციის თარიღი ეგზემპლარის მიმდევრობითი ნომერი (კეტერი?) ფასის ძალაში შესვლის თარიღი ეგზემპლარის სახეობა საჯარო შენიშვნა
          ბათუმის შოთა რუსთაველის სახელმწიფო უნივერსიტეტის მთავარი ბიბლიოთეკა ბათუმის შოთა რუსთაველის სახელმწიფო უნივერსიტეტის მთავარი ბიბლიოთეკა წიგნსაცავი 2026-02-12 0.20 658.562 გ-12 73746 2026-02-12 73746 2026-02-12 წიგნი 0.20 თ.